00402nam a2200121Ia 4500008004100000041000800041082000800049100003000057245013500087260003200222300000800254520001800262221007s9999 xx 000 0 und d aeng bAPT aApte Supriya A - 2K91005 2aA Study of Stress Management Among Employees of The Bank and The Initiatives Taken by The Bank to Maintain Their Work-Life Balance c2011bPune UniversityaPune a93p aGaikwad Anand